00322nam a2200109Ia 4500008004100000041000800041100001200049245007400061260003300135300000800168700003600176250110s9999 xx 000 0 und d aeng aKale D. aLandscape Development For A Meditation Centre At Shahpur Thane Mumbai bM Arch Landscape, Punec2009 a72p aGuide Name:Sahastrabuddhe Swati